The Old Man and The Sea (Record no. 298928)

000 -LEADER
fixed length control field 00350 a2200145 4500
001 - CONTROL NUMBER
control field 63855
020 ## - INTERNATIONAL STANDARD BOOK NUMBER
International Standard Book Number 9788126139927
082 ## - DEWEY DECIMAL CLASSIFICATION NUMBER
Classification number 813.5219 HEM
090 ## - LOCALLY ASSIGNED LC-TYPE CALL NUMBER (OCLC); LOCAL CALL NUMBER (RLIN)
-- 37777
-- 37777
100 ## - MAIN ENTRY--PERSONAL NAME
Personal name Hemingway,Ernest
245 ## - TITLE STATEMENT
Title The Old Man and The Sea
260 ## - PUBLICATION, DISTRIBUTION, ETC.
Place of publication, distribution, etc. New Delhi
Name of publisher, distributor, etc. Anmol Publications
Date of publication, distribution, etc. 2009
300 ## - PHYSICAL DESCRIPTION
Extent 259 P
600 ## - SUBJECT ADDED ENTRY--PERSONAL NAME
Personal name Aditya Nandwani
942 ## - ADDED ENTRY ELEMENTS (KOHA)
Institution code [OBSOLETE] caenust
Call number prefix 813.5219 HEM
Holdings
Withdrawn status Lost status Damaged status Not for loan Collection code Permanent Location Current Location Date acquired Total Checkouts Full call number Barcode Date last seen Price effective from Koha item type
          College of Aeronautical Engineering (CAE) College of Aeronautical Engineering (CAE) 04/03/2017   813.5219 HEM CAE82079 04/05/2017 04/05/2017 Book
© 2023 Central Library, National University of Sciences and Technology. All Rights Reserved.